000 00918nam a22002177a 4500
005 20171129105350.0
010 _aUR-9857
020 6 _c70.00
035 _aU-8412
037 _bDBAD/PUB
082 _a270
100 _aڈ ا کٹر محمد ریا ض کر ما نی
245 _a و حی ،علم ا و ر سا ینس
_cڈ ا کٹر محمد ریا ض کر ما نی
246 _b
_aWahi, Ilm Aur Science
250 _aby Dr.Mohd. Riaz Kirmani
260 _a نئی د لی
_bMerkazi Maktaba Islami Publishers
_c2013
270 _aD307,Dawat Nagar,Abul Fazal Enclave,Jamia Nagar ,
_b New Delhi
_e110025
_k01126971652
_l-
300 _a152ص
_c22 Cm.(B.b)
500 _aدو حصہ
942 _2ddc
_cUR
_h270
_mم ح م
_e
999 _c146984
_d146984